00490nam a2200169Ia 4500008004100000040001900041041001200060082002400072100002400096245007600120260003100196300001900227440002600246650001300272651001700285850001800302131103s9999 xx 000 0 und d aLoreto College aEnglish a200/DAWbLCLIb/2629 aDawson, Christopher 4aThe modern dilemmab The problem of European unity cChristopher Dawson aLondonbSheed & Wardc1932 a121p. c 21cm. aEssays in order; No.8 aReligion aChristianity aLCLIB/200/DAW